| 000 | 00783nam a2200181 i 4500 | ||
|---|---|---|---|
| 001 | 39775 | ||
| 003 | ES-MaACL | ||
| 005 | 20230912063106.0 | ||
| 007 | t| | ||
| 008 | 030304s1835 sp |||| | spa d | ||
| 100 | 1 |
_aCanga Argüelles, José, _d1770-1842 _9153831 |
|
| 245 | 1 | 0 |
_aDocumentos pertenecientes a las observaciones sobre la historia de la guerra de España que escribieron los señores Clarke, Southey, Londonderry y Napier / _cpublicado en Londres, el año de 1829 por José Canga Argüelles. |
| 260 |
_aMadrid : _b[s.n., _c1835] ( _fImp. Marcelino Calero) |
||
| 300 |
_a3 v. ; _c21 cm. |
||
| 651 | 4 |
_aEspaña- _xHistoria- _y1808-1814, Guerra de la Independencia- _vFuentes. _9142504 |
|
| 852 |
_x _aBA _jR-2375-77 Olim: G-742-4 |
||
| 999 |
_c39775 _d39775 |
||